000 00686nam a2200181Ia 4500
008 151202s9999||||xx |||||||||||||| ||und||
082 _bPNVM-46226
100 _aकुंटे मोरेश्वर.
245 _aदेवदर्शन जिल्हा लातूर.
260 _b"मंदिर कोश प्रकाशन,पुणे."
260 _c2003
300 _a272
600 _aकुंटे मोरेश्वर.
630 _aदेवदर्शन जिल्हा लातूर.
700 _aकुंटे मोरेश्वर.
730 _aदेवदर्शन जिल्हा लातूर.
942 _cBOOK
999 _c1312176
_d1312173